Star Wars (All Films) - Statistics

General Stats
  • This quiz has been taken 15 times
  • The average score is 6 of 22
Answer Stats
Question Answer % Correct
Who throws the Emperor down a chute? Darth Vader
75%
Which bounty hunter captured Han Solo? Boba Fett
50%
What is Chancellor Palpatine's true Sith name? Darth Sidious
50%
On which icy planet do the rebels make their base? Hoth
50%
Who kills the above in The Last Jedi? Kylo Ren
42%
Which gambler friend reappears in the most recent film? Lando Calrissian
42%
Who turns out to be Rey's grandfather? The Emperor
42%
Who is the leader of the Gungans? Boss Nass
33%
These aren't the ___ you're looking for Droids
33%
Who leads the Jedi into war on Geonosis? Mace Windu
33%
Where do Anakin and Obi-Wan-Kenobi fight their epic battle? Mustafar
33%
Who is the Supreme Leader in The Force Awakens? Supreme Leader Snoke
33%
On which planet does Rey live? Jakku
25%
Where does Luke train Rey? Ach-To
17%
What is the name of Qui-Gon-Jinn's master? Count Dooku
17%
What is the name of Jyn Erso's father Galen Erso
17%
Who runs an extremist rebel organisation on Jedha? Saw Gerrera
17%
Which planet does Han escape from? Correlia
8%
Which criminal organisation strikes a deal with Tobias Beckett? Crimson Dawn
8%
Which animal attacked Padme Amidala in the Geonosian arena? Nexu
8%
Which creature does Jabba the Hutt use to execute his criminals? Sarlacc
8%
What does Mark Hamill ad-lib while in the stormtrooper helmet? I can't see a thing in this helmet
0%
No matching quizzes found
Score Distribution
Percent of People with Each Score
Percentile by Number Answered
Your Score History
You have not taken this quiz